书目信息 |
| 题名: |
时尚
|
|
| 作者: | 伏琳 , Fring 著 ;王立非 , 孙晓坤 , 程丽娜 译 | |
| 分册: | ||
| 出版信息: | 西安 陕西师范大学出版社 2003 |
|
| 页数: | 250页 | |
| 开本: | 29cm | |
| 丛书名: | ||
| 单 册: | ||
| 中图分类: | F407.86 , TS941.12 | |
| 科图分类: | ||
| 主题词: | 服装工业--基本知识 , 服装--社会学 | |
| 电子资源: | ||
| ISBN: | 7-5613-2591-6 | |
| 000 | 01284nam0 2200325 450 | |
| 001 | 1260771843 | |
| 005 | 20121004165351.62 | |
| 010 | @a7-5613-2591-6@dCNY37.80 | |
| 100 | @a20040915d2003 em y0chiy0110 ea | |
| 101 | 1 | @achi@ceng@feng |
| 102 | @aCN@b610000 | |
| 105 | @aa z 000yy | |
| 200 | 1 | @a时尚@AShi Shang@e从观念到消费者@ECong Guan Nian Dao Xiao Fei Zhe@f(美)吉尼·斯蒂芬·伏琳著@F( Mei ) Ji Ni· Si Di Fen· Fu Lin Zhu@g王立非,孙晓坤,程丽娜译 |
| 210 | @a西安@c陕西师范大学出版社@d2003 | |
| 215 | @a250页@c照片@d29cm | |
| 306 | @a和美国培生教育集团合作出版 | |
| 330 | @a本书按照时装工业运作的顺序,陈述时装从设计到被推向市场的全过程。时装业就是购买原材料,设计和制作新产品,然后销售成衣的完整过程。它涉及原材料生产、服装制作、时装配饰以及销售时装的零售商店等方面。 | |
| 510 | 1 | @aFashion@eFrom Concept To Consumer@zeng |
| 517 | 1 | @a从观念到消费者@ACong Guan Nian Dao Xiao Fei Zhe |
| 606 | 0 | @a服装工业@x基本知识 |
| 606 | 0 | @a服装@x社会学 |
| 690 | @aF407.86@v4 | |
| 690 | @aTS941.12@v4 | |
| 701 | 1 | @a伏琳@AFu Lin@b吉尼·斯蒂芬@4著 |
| 701 | 1 | @aFring@bGini Stephens@4著 |
| 702 | 0 | @a王立非@AWang Li Fei@4译 |
| 702 | 0 | @a孙晓坤@ASun Xiao Kun@4译 |
| 702 | 0 | @a程丽娜@ACheng Li Na@4译 |
| 801 | 0 | @aCN@bNLC@c20101222 |
| 905 | @a10447@dF407.86@eJY6 | |
| 时尚:从观念到消费者/(美)吉尼·斯蒂芬·伏琳著/王立非,孙晓坤,程丽娜译.-西安:陕西师范大学出版社,2003 |
| 250页:照片;29cm |
| ISBN 7-5613-2591-6:CNY37.80 |
| 本书按照时装工业运作的顺序,陈述时装从设计到被推向市场的全过程。时装业就是购买原材料,设计和制作新产品,然后销售成衣的完整过程。它涉及原材料生产、服装制作、时装配饰以及销售时装的零售商店等方面。 |
| ● |
| 相关链接 |
|
|
|
|
正题名:时尚
索取号:F407.86/JY6
 
预约/预借
| 序号 | 登录号 | 条形码 | 馆藏地/架位号 | 状态 | 备注 |
| 1 | 7813887 | 278138873 | 学院路分馆/ [索取号:F407.86/JY6] | 在馆 | |
| 2 | 7813888 | 278138882 | 学院路分馆/ [索取号:F407.86/JY6] | 在馆 |